Adding 'ing' To Movies II Quiz Stats

 Plays Quiz Updated Jul 8, 2018

Score 0/20 Timer 08:00
0 Plays Today
New Plot Movie With 'ing' % Correct
A large cat is crowned on Pride Rock.The Lion Kinging
81.9%
A Hawaiian girl and her blue, alien friend take up sewing.Lilo & Stitching
79.2%
Demi Moore suddenly stops talking to Patrick Swayze.Ghosting
73.6%
Leonardo DiCaprio greedily devours the stock exchange.The Wolfing of Wall Street
71.7%
Liam Neeson plays a real estate agent in Nazi Germany.Schindler's Listing
61.2%
A massive robot removes the creases from his clothes.The Ironing Giant
60.7%
Tarantino's tale of crushing books into a soft, wet, shapeless mass.Pulping Fiction
58.7%
Bruce Lee makes his way into a mythical beast.Entering the Dragon
52.3%
A serial killer uses a hand tool for cutting wood.Sawing
52.1%
James Bond recruits the help of Chicken Little in his top secret mission.Skyfalling
52%
New Plot Movie With 'ing' % Correct
Anastasia notices Christian's hair starts to reveal his age.Fifty Shades of Greying
47.5%
Diana Prince is curious and desires to know something.Wondering Woman
47.3%
Kevin James manages to effectively deal with difficult shopping.Paul Blart: Mall Coping
42.6%
After seven days the phone calls never stop.The Ringing
42.2%
Just the final scene of Seth Rogen's apocalyptic movie.This is the Ending
40.3%
Wolverine goes back in time to press Ctrl and V.X-Men: Days of Future Pasting
37.5%
A young wizard develops his magical powers under the influence of narcotics.Harry Potter and the Sorcerer's Stoning
36.8%
An FBI agent teams up with a rogue cop to warm up the room.The Heating
35.3%
Two young secret agents won't stop watching their neighbors.Spying Kids
24.6%
The undead take a keen interest in sky diving.Zombielanding
15.4%

You're not logged in!

Compare scores with friends on all Sporcle quizzes.
OR
Log In

You Might Also Like...

Show Comments

Extras

Top Quizzes Today


Score Distribution

Your Account Isn't Verified!

In order to create a playlist on Sporcle, you need to verify the email address you used during registration. Go to your Sporcle Settings to finish the process.

Report this User

Report this user for behavior that violates our Community Guidelines.

Details: